10 Most Populated Countries in Africa Quiz Stats

 Plays Quiz Updated Jun 27, 2014

Support Sporcle.
Go Orange.
Score 0/10 Timer 01:00
10 Plays Today
% Correct
South Africa
94.9%
Nigeria
93.3%
Egypt
93.3%
Democratic Republic of the Congo
85.3%
Ethiopia
84.1%
Kenya
81.6%
Algeria
68.4%
Sudan
65.5%
Tanzania
49.2%
Uganda
45.8%

From the Vault

The Wide Wizarding World II

by FantasticBowTies

Movies 4m
You'll be picking a plethora of Potter places.
Remove Ads.
Support Sporcle.
Get the best of Sporcle when you Go Orange. This ad-free experience offers more features, more stats, and more fun while also helping to support Sporcle. Thank you for becoming a member.

Show Comments

Extras

Top Quizzes Today


Score Distribution

Your Account Isn't Verified!

In order to create a playlist on Sporcle, you need to verify the email address you used during registration. Go to your Sporcle Settings to finish the process.

Report this User

Report this user for behavior that violates our Community Guidelines.

Details: